000 00699nam a2200253Ia 4500
003 OSt
005 20220918210320.0
006 a|||||r|||| 00| 0
007 ta
008 220917b |||||||| |||| 00| 0 eng d
024 _a119,986
037 _cTextual
040 _aARTS
_cARTS
_beng
041 _2eng
_aeng
082 _aV73:261-301NB1:N4, J0
100 _aWalker Robert Averill
_9117766
245 0 _aPlanning function in urban government
250 _a2nd
260 _c1950
490 _aUniversity of Chicago, social science studies; 39
650 _aHISTORY
942 _hV73:261-301NB1:N4, J0
_cTEXL
_2CC
999 _c243244
_d243244